000 00377nam a2200145Ia 4500
008 230917s9999||||xx |||||||||||||| ||und||
040 _e100704
_aMAIN
041 _aEnglish
082 _a954.01 C39C
100 _aChatterjee, Asim Kumar
245 0 _aPolitical history of Pre-Buddhist India
260 _aCalcutta
_bR N Bhattacharya
_c2000
300 _a215 p.
942 _cBK
999 _c118582
_d118582